বাংলার সুফি পির-দরবেশ : (Record no. 34333)

MARC details
000 -LEADER
fixed length control field 01172nam a22002297a 4500
003 - CONTROL NUMBER IDENTIFIER
control field BDDh-ASL
005 - DATE AND TIME OF LATEST TRANSACTION
control field 20231015031655.0
008 - FIXED-LENGTH DATA ELEMENTS--GENERAL INFORMATION
fixed length control field 201110s2018 b ||||| |||| 00| 0 b d
040 ## - CATALOGING SOURCE
Original cataloging agency BDDh-ASL
Transcribing agency BDDh-ASL
Modifying agency BDDh-ASL
041 ## - LANGUAGE CODE
Language code of text/sound track or separate title bengali
082 ## - DEWEY DECIMAL CLASSIFICATION NUMBER
Classification number 297.4
Item number AHB
100 1# - MAIN ENTRY--PERSONAL NAME
Personal name আহমদ, ওয়াকিল
9 (RLIN) 248
245 10 - TITLE STATEMENT
Title বাংলার সুফি পির-দরবেশ :
Remainder of title ইতিহাস ও এতিহ্য /
246 ## - VARYING FORM OF TITLE
Title proper/short title Banglar Sufi Pir-Dorbesh.
260 ## - PUBLICATION, DISTRIBUTION, ETC.
Place of publication, distribution, etc. ঢাকা:
Name of publisher, distributor, etc. গতিধারা,
Date of publication, distribution, etc. ২০১৮।
300 ## - PHYSICAL DESCRIPTION
Extent ২২৪ পৃষ্ঠা:
Dimensions ২২ সে.মি.।
600 10 - SUBJECT ADDED ENTRY--PERSONAL NAME
Personal name ভাসানী, মোঃ আবদুল হামিদ খান
Titles and other words associated with a name মওলানা
9 (RLIN) 1953
650 #0 - SUBJECT ADDED ENTRY--TOPICAL TERM
Topical term or geographic name entry element History and Heritage (ইতিহাস ও ঐতিহ্য) , ইতিহাস, History, Etihas, Itihas O Oitijjo, Etihash O Aitijjaya , Aitijjha
9 (RLIN) 7488
650 #0 - SUBJECT ADDED ENTRY--TOPICAL TERM
Topical term or geographic name entry element ইসলাম ধর্ম , Isalāma dharma, Islam, Religion, Mohammedism, Mohammadan, Mohammedan, Muhammadan, Islamic Relition, Peace
9 (RLIN) 747
650 #0 - SUBJECT ADDED ENTRY--TOPICAL TERM
Topical term or geographic name entry element ইসলাম ধর্ম
General subdivision সূফীবাদ
9 (RLIN) 849
942 ## - ADDED ENTRY ELEMENTS (KOHA)
Source of classification or shelving scheme Dewey Decimal Classification
Koha item type Books
Holdings
Withdrawn status Lost status Source of classification or shelving scheme Damaged status Not for loan Collection code Home library Current library Shelving location Date acquired Source of acquisition Total Checkouts Full call number Barcode Date last seen Copy number Price effective from Koha item type Public note
    Dewey Decimal Classification     Non-fiction Asiatic Society Library Asiatic Society Library General Stacks 07/05/2023 Purchased Book, 2023   297.4 AHB 124926 07/05/2023 C-1 07/05/2023 Books Y-2018

Powered by Koha